Universidades

Bibliographische Detailangaben
Format: Schriftenreihe
Sprache:Spanish
Schlagworte:

MARC

LEADER 00000cas a2200000 a 4500
003 Ucuenca
005 20230308225605.0
008 008110|2008 mx |||||r|||||||||||spa||
022 |a 0041-89351 
040 |b spa 
041 1 |a spa 
082 0 |a 378.05  |b U46u 
245 |a Universidades  |c Unión de Universidades de América Latina y el Caribe  |h imp 
264 |a México  |b UDUAL  |c Julio septiembre 2008 
300 |a 74 páginas:  |b ilu  |c 28 cm 
362 |a año LVIII, nueva época, no. 38 (julio septiembre 2008) 
504 |a incl. ref. 
650 1 0 |a Educación superior  |9 194704 
650 1 |a Universidad latinoamericana  |9 16307 
650 1 |a Revista universidades  |9 113570 
650 0 |a Practica educativa  |9 168716 
852 |a UC-CDJBV 
942 |c SER 
999 |c 153212  |d 153212